000 00677nam a2200205 a 4500
001 000007358
005 20200929154137.0
008 090908s1986 dr a 001 0 spa d
040 _aDO-SdBNP
082 _a612.8
_bF634p
100 1 _aFlores P, M.
_920463
245 1 0 _aPrincipios de neurobiología :
_bintroducción a la fisiología y farmacología del sistema nervioso /
_cM. Flores P.
260 _aSanto Domingo, :
_bUniversitaria,
_c1986.
300 _a174 p. :
_bil ;
_c28 cm.
504 _aIncluye referencias bibliográficas [164-172]
650 4 _aNeurobiología
_920464
650 4 _aNeurofarmacología
_920465
650 4 _aNeurofisiología
_920466
049 _aBNPD
999 _c7139
_d7139